Flags with Stars - Sudden Death - Statistics

General Stats
  • This quiz has been taken 2,199 times
    2,194 since last reset
  • The average score is 12 of 31
Answers on the Grid
Answers color-coded by a green-red scale on the quiz's grid according to % correct below.
Afghanistan
Angola
Australia
Azerbaijan
Barbados
Benin
Bhutan
Bolivia
Brazil
Brunei
Burundi
Cape Verde
Chile
China
Comoros
Croatia
Djibouti
El Salvador
Ghana
Guinea
Guinea Bissau
Israel
Kosovo
Kuwait
Lesotho
Liberia
Malaysia
Mauritania
Morocco
Myanmar
Namibia
Nauru
Pakistan
Papua New Guinea
Peru
Slovenia
South Korea
Suriname
Togo
Tunisia
Tuvalu
Uganda
United States
Venezuela
Zimbabwe
 
Answer Stats
Answer % Correct
Australia
89%
United States
74%
China
73%
Brazil
66%
Israel
59%
Morocco
55%
Chile
54%
Liberia
51%
Pakistan
49%
Venezuela
49%
Azerbaijan
48%
Malaysia
48%
Tunisia
44%
Cape Verde
43%
Kosovo
38%
Ghana
36%
Myanmar
36%
Comoros
35%
Papua New Guinea
33%
Tuvalu
33%
Angola
28%
Djibouti
28%
Mauritania
26%
Nauru
26%
Burundi
24%
Suriname
24%
Togo
23%
Guinea Bissau
22%
Namibia
14%
Slovenia
10%
Zimbabwe
10%
No matching quizzes found
Score Distribution
Percent of People with Each Score
Percentile by Number Answered
Your Score History
You have not taken this quiz since the last reset